| 000 | 00488cam a22001457a 4500 | ||
|---|---|---|---|
| 008 | 180718b1986 xxu||||| |||| 00| 0 eng d | ||
| 082 | _aYx54123 T449 | ||
| 100 | _aTikader, B.K. | ||
| 245 |
_aSea shore animals of Andaman & Nicobar Islands _cby B.K.Tikader, A. Daniel and N.V. Subba Rao |
||
| 260 |
_aCalcutta _bZoological Survey of India _c1986 |
||
| 300 | _a188p. | ||
| 650 | _aSeashore animals --India --Andaman and Nicobar Islands | ||
| 700 | _aSubba Rao, N.V. | ||
| 700 | _aDaniel, A. | ||
| 999 |
_c400230 _d400230 |
||